المعجم الديموجرافي المتعدد اللغات : (رقم التسجيلة. 30470)

تفاصيل مارك
000 -LEADER
fixed length control field 00662nam a22001937a 4500
005 - DATE AND TIME OF LATEST TRANSACTION
control field 20251108165539.0
008 - FIXED-LENGTH DATA ELEMENTS--GENERAL INFORMATION
fixed length control field 250721s1966 xx 000 0 ara d
082 14 - DEWEY DECIMAL CLASSIFICATION NUMBER
Classification number م/312.03/عبد
100 1# - MAIN ENTRY--PERSONAL NAME
Personal name الشافعي، عبد المنعم
Relator term مترجم
245 10 - TITLE STATEMENT
Title المعجم الديموجرافي المتعدد اللغات :
Remainder of title المجلد العربي /
264 1# - PRODUCTION, PUBLICATION, DISTRIBUTION, MANUFACTURE, AND COPYRIGHT NOTICE
Place of production, publication, distribution, manufacture القاهره :
Name of producer, publisher, distributor, manufacturer دار الكاتب العربي،
Date of production, publication, distribution, manufacture, or copyright notice 1966.
300 ## - PHYSICAL DESCRIPTION
Extent 157ص
650 17 - SUBJECT ADDED ENTRY--TOPICAL TERM
Topical term or geographic name as entry element السكان
650 17 - SUBJECT ADDED ENTRY--TOPICAL TERM
Topical term or geographic name as entry element المعاجم
650 17 - SUBJECT ADDED ENTRY--TOPICAL TERM
Topical term or geographic name as entry element الإحصاءات الديمغرافية
700 1# - ADDED ENTRY--PERSONAL NAME
Personal name اليافي، عبد الكريم
942 ## - ADDED ENTRY ELEMENTS (KOHA)
Source of classification or shelving scheme Dewey Decimal Classification
Koha item type مراجع
المقتنيات
حالة السحب حالة الفقدان مصدر التصنيف حالة التلف غير قابل للإعارة المكتبة الرئيسية المكتبة الحالية موقع الرف تاريخ التزويد الرقم المتسلسل Total Checkouts رقم الإستدعاء الباركود تاريخ آخر ظهور تاريخ الفاتورة نوع المادة (كوها)
    Dewey Decimal Classification   Not For Loan المكتبة المركزية المكتبة المركزية مراجع 06/07/2004 31680   م/312.03/عبد 31680 28/07/2025 06/07/2004 مراجع
Implemented & Customized by: BBB with SCIT (Smart Chains for Information Technology)

Powered by Koha